000 00282nam a2200109 a 4500
008 111125s1973|||| d
100 1 _aMalsy, Jean-Claude
245 1 0 _aLa foret de Compiegne
260 _bNouvelles Editions Latines
_aParíž
_c1973
020 _c100
044 _axo
_cSK
999 _c18330
_d18330